000 00526pab a2200169 454500
008 180718b2012 xxu||||| |||| 00| 0 eng d
100 _aMerritt, Amy
245 _aComplementing the local and global: Promoting sustainability action through linked local-level and formal sustainability funding mechanisms
260 _c2012
300 _ap.278-291.
362 _aAug
650 _aSustainable development
700 _aStubbs, Tristan
773 _aPublic Administration and Development
908 _aN
909 _a97703
999 _c97702
_d97702